000 00782nam a2200229Ia 4500
003 GCL
008 140319s9999 xx 000 0 ara d
040 _aGCL /
_cGCL
082 0 4 _a025.12
_bب ح
100 1 _aشعبان عبدالعزيز خليفة
245 1 0 _aحركة نشر الكتب فى الدول النامية /
_cشعبان عبدالعزيز خليفة
700 1 _aاحمد حسين الصاوى
700 1 _aباركر، رونالد
700 1 _aاسكاربيت، روبرت
300 _a206 ص
490 _aالاعمال الاساسية فى علوم المكتبات
_v0
650 0 4 _aالدول النامية
650 0 4 _aالقراءة
650 0 4 _aنشر الكتب
650 0 4 _aحقوق التأليف والنشر
942 _2ddc
_cBK
999 _c39960
_d39960